00815 a2200205 450000100060000002000150000604000240002110000220004524000300006724500250009730000070012236200090012965000310013894200070016995201040017695201040028095201040038495201040048899900170059269112 a8598553069 cAnchieta - Itaigara aCedraz, Antônio10aLendas e mistérioslpor10aLendas e mistérios a470 a2007 4aLiteratura infanto-juvenil cBK 00104070a88.1b88.1d2023-11-21l0o028.5 CED LENp1120/ITAr2023-11-21 20:03:32w2023-11-21yBK 00104070a88.1b88.1d2023-11-21l0o028.5 CED LENp1121/ITAr2023-11-21 20:03:32w2023-11-21yBK 00104070a88.1b88.1d2023-11-21l0o028.5 CED LENp1569/ITAr2023-11-21 20:03:32w2023-11-21yBK 00104070a88.1b88.1d2023-11-21l0o028.5 CED LENp1570/ITAr2023-11-21 20:03:32w2023-11-21yBK c69112d69112